000 00258nam a22001097a 4500
999 _c4409
_d4409
008 250217b ||||| |||| 00| 0 eng d
082 _a800
100 _aBANCROFT,JESSICA
_eAUTHOR
245 _aWILMA THE WHALE
260 _bONE THIRD STORIES BOOK
942 _2ddc